Zwycięzcy Raw Air w skokach narciarskich - Statystyki

Ogólne statystyki
  • Ten quiz został rozwiązany 55 razy
  • Średni wynik to 8 z 8
Statystyki odpowiedzi
Edycja Zwycięzca % Poprawnych
2018 Kamil Stoch
100%
2020 Kamil Stoch
100%
2017 Stefan Kraft
98%
2022 Stefan Kraft
98%
2024 Stefan Kraft
98%
2019 Ryoyu Kobayashi
96%
2025 Andreas Wellinger
89%
2023 Halvor Egner Granerud
81%
Nie znaleziono quizów pasujących do podanych kryteriów
Rozkład punktacji
Procent ludzi z każdym wynikiem
Percentyl według liczby udzielonych odpowiedzi
Twoja historia wyników
Nie rozwiązałeś tego quizu